000 00321nam a2200109Ia 4500
008 200302s9999 xx 000 0 und d
100 _aYatin Pandya
245 _aThe Ahmedabad Chronicle Imprints of a Millennium
260 _bVastu-Shilpa Foundation for Studies & Research
260 _c2011
300 _a184 P.,
999 _c3206
_d3206